000 00486nam a2200157Ia 4500
008 151213s9999 xx 000 0 und d
100 _aমো: শামছুল হক
245 _aমেধাভিত্তিক সম্পত্তি আইন
_cমো: শামছুল হক
250 _a1st
260 _aDhaka
_bরোমানা হক
_c2007
300 _a5117 p.
650 _aLaw
650 _aLaw
700 _aমো: শামছুল হক
999 _c3159
_d3159